| 000 | 00446nam a2200169Ia 4500 | ||
|---|---|---|---|
| 001 | 18513 | ||
| 003 | IN-NITTTR | ||
| 005 | 20251114233215.0 | ||
| 008 | 251113s9999||||xx |||||||||||||| ||eng|| | ||
| 040 | _beng | ||
| 040 | _cIN-NITTTR | ||
| 041 | _aeng | ||
| 082 | _a004 G11M | ||
| 100 | _aGaonkar, Ramesh S. | ||
| 245 | 0 |
_aMicroprocessor architecture, programming, and applications with the 8085/8080A. / _cGaonkar, Ramesh S. |
|
| 942 |
_2ddc _cBK |
||
| 999 |
_c21147 _d21147 |
||